| 000 | 00734nam a2200193Ia 4500 | ||
|---|---|---|---|
| 008 | 151119s9999||||xx |||||||||||||| ||und|| | ||
| 082 | _a28.5 | ||
| 082 | _bGKKV18661 | ||
| 100 | _a"चिंचोलकर, सुनील" | ||
| 245 | _aश्री समर्थ चरित्र आक्षेप आणि खंडन | ||
| 260 | _a-- | ||
| 260 | _b-- | ||
| 260 | _c0 | ||
| 600 | _a"चिंचोलकर, सुनील" | ||
| 630 | _aश्री समर्थ चरित्र आक्षेप आणि खंडन | ||
| 700 | _a"चिंचोलकर, सुनील" | ||
| 730 | _aश्री समर्थ चरित्र आक्षेप आणि खंडन | ||
| 942 | _cBOOK | ||
| 999 |
_c1071702 _d1071699 |
||